Maisy's field day / (Record no. 44306)
| 000 -LEADER | |
|---|---|
| fixed length control field | 00332nam a2200121 4500 |
| 020 ## - INTERNATIONAL STANDARD BOOK NUMBER | |
| International Standard Book Number | 9781536203523 |
| 100 ## - MAIN ENTRY--PERSONAL NAME | |
| Personal name | Cousins, Lucy |
| 9 (RLIN) | 55447 |
| 245 ## - TITLE STATEMENT | |
| Title | Maisy's field day / |
| Statement of responsibility, etc | Lucy Cousins |
| 260 ## - PUBLICATION, DISTRIBUTION, ETC. (IMPRINT) | |
| Place of publication, distribution, etc | US |
| Name of publisher, distributor, etc | Candlewick Press |
| Date of publication, distribution, etc | 2006 |
| 300 ## - PHYSICAL DESCRIPTION | |
| Extent | unpaged. |
| Other physical details | col. ill. |
| Dimensions | 17 cm. |
| 490 ## - SERIES STATEMENT | |
| Series statement | A Maisy First Experiences Book |
| 942 ## - ADDED ENTRY ELEMENTS (KOHA) | |
| Source of classification or shelving scheme | |
| Koha item type | Book |
| Withdrawn status | Lost status | Source of classification or shelving scheme | Damaged status | Not for loan | Home library | Current library | Shelving location | Date acquired | Total Checkouts | Full call number | Barcode | Checked out | Date last seen | Date checked out | Price effective from | Koha item type | Collection code |
|---|---|---|---|---|---|---|---|---|---|---|---|---|---|---|---|---|---|
| Asian Hope Early Years Library | Asian Hope Early Years Library | Easy Reading | 01/31/2023 | 25 | E COU | 211376 | 04/29/2026 | 04/29/2026 | 04/29/2026 | 01/31/2023 | Book | ||||||
| Asian Hope Primary Library | Asian Hope Primary Library | Easy Reading | 03/13/2023 | E COU | 202726 | 03/13/2023 | 03/13/2023 | Book | TEACHERS' RESOURCES | ||||||||
| Logos International School | Logos International School | 01/01/2025 | E COU | 040400 | 02/24/2025 | 01/01/2025 | Book |